| 000 | 00749pam a2200253 a 4500 | ||
|---|---|---|---|
| 001 | 2438578 | ||
| 005 | 20180126093042.0 | ||
| 008 | 881108s1989 nyu b 001 0 eng | ||
| 010 | _a 88033361 | ||
| 020 | _a0807729442 (pbk.) | ||
| 020 | _a0807729450 | ||
| 040 |
_aDLC _cDLC _dDLC |
||
| 041 | _aeng | ||
| 043 | _an-us--- | ||
| 080 | _a370.973 PER | ||
| 082 | 0 | 0 |
_a370.973 PER _219 |
| 100 | 1 | _a47 | |
| 101 | _aEDU | ||
| 245 | 1 | 0 |
_aWorking papers : _cVito Perrone. |
| 504 | _aBibliography: p. 215-226. | ||
| 906 |
_a7 _bcbc _corignew _d1 _eocip _f19 _gy-gencatlg |
||
| 942 |
_2ddc _cBK |
||
| 999 |
_c41054 _d41054 |
||